000 00343nam a2200133Ia 4500
008 220204s9999 xx 000 0 und d
082 _a331:631.58(540)
_bBAN
100 _aBANSIL, P C
245 0 _aAgricultural problems of India.
250 _aEd.4
260 _aNew Delhi
_bOxford & IBH
_c1981
650 _aAgricultural policy
942 _cBK
999 _c36498
_d36498